01262nam a2200325Ia 4500001001200000003000800012006001900020007001500039008004100054010001700095020001500112020001800127040002100145035002100166050002900187100002000216240005100236245015300287250001200440260004900452300002300501500002000524533015200544650002500696650002800721655002900749710001700778856012600795999001500921ebr10269380CaPaEBRm u cr cn|||||||||080418s2008 enka s 001 0 eng d z 2008017815 z0749454040 z9780749454043 aCaPaEBRcCaPaEBR a(OCoLC)64678806114aHF5549.5.M63bF57 2008eb1 aFisher, John G.10aHow to run successful incentive schemes (2008)10aHow to run successful employee incentive schemesh[electronic resource] :bcreating effective programmes for improved performance /cJohn G. Fisher. a3rd ed. aLondon ;aPhiladelphia :bKogan Page,c2008. avi, 234 p. :bill. aIncludes index. aElectronic reproduction.bPalo Alto, Calif. :cebrary,d2009.nAvailable via World Wide Web.nAccess may be limited to ebrary affiliated libraries. 0aEmployee motivation. 0aIncentives in industry. 7aElectronic books.2local2 aebrary, Inc.40uhttp://site.ebrary.com/lib/rucke/Doc?id=10269380zAn electronic book accessible through the World Wide Web; click to view c8478d8478